Fundamentals of Machine Elements. (Record no. 3185)

MARC details
005 - DATE AND TIME OF LATEST TRANSACTION
control field 20250621081143.0
020 ## - INTERNATIONAL STANDARD BOOK NUMBER
International Standard Book Number 0-256-19069-0
082 ## - DEWEY DECIMAL CLASSIFICATION NUMBER
Classification number LM 621.815 HAM
100 ## - MAIN ENTRY--PERSONAL NAME
Author name HAMROCK, B.
245 ## - TITLE STATEMENT
Title Fundamentals of Machine Elements.
250 ## - EDITION STATEMENT
Edition statement 8th Ed
260 ## - PUBLICATION, DISTRIBUTION, ETC.
Place of publication, distribution, etc. Boston,
Name of publisher, distributor, etc. McGraw-Hill ,
Date of publication, distribution, etc. 1999.
300 ## - PHYSICAL DESCRIPTION
Extent xviii,926p.: ill.; figure, picture, table
Other physical details Index
Dimensions 24cm
700 ## - ADDED ENTRY--PERSONAL NAME
Other authors/Editors JACOBSON, B. O.
856 ## - ELECTRONIC LOCATION AND ACCESS
Link text Access Online Book
Electronic name Fundamentals of Machine Elements
Path www.mhhe.com
942 ## - ADDED ENTRY ELEMENTS (KOHA)
Source of classification or shelving scheme Dewey Decimal Classification
Koha item type Books
Holdings
Date last seen Total checkouts Full call number Barcode Cost, replacement price Price effective from Koha item type Lost status Source of classification or shelving scheme Damaged status Not for loan Withdrawn status Home library Current library Shelving location Date acquired Cost, normal purchase price
06/05/2025   LM 621.815 HAM 00000010768 75000.00 06/03/2025 Books   Dewey Decimal Classification       College of Business Education Main Library College of Business Education Main Library General Collection 07/03/2017 25000.00
06/05/2025   LM 621.815 HAM 00000010769 75000.00 06/03/2025 Books   Dewey Decimal Classification       College of Business Education Main Library College of Business Education Main Library General Collection 07/03/2017 25000.00
06/05/2025   LM 621.815 HAM 00000010770 75000.00 06/03/2025 Books   Dewey Decimal Classification       College of Business Education Main Library College of Business Education Main Library General Collection 07/03/2017 25000.00
06/05/2025   LM 621.815 HAM 00000010771 75000.00 06/03/2025 Books   Dewey Decimal Classification       College of Business Education Main Library College of Business Education Main Library General Collection 07/03/2017 25000.00
06/05/2025   LM 621.815 HAM 00000010772 75000.00 06/03/2025 Books   Dewey Decimal Classification       College of Business Education Main Library College of Business Education Main Library General Collection 07/03/2017 25000.00